| 000 | 00475nam a22001817a 4500 | ||
|---|---|---|---|
| 003 | NUST - PNEC | ||
| 005 | 20170116181156.0 | ||
| 008 | 160112b xxu||||| |||| 00| 0 eng d | ||
| 020 | _a- | ||
| 040 | _cLIBRARY | ||
| 082 | _a955 ATH | ||
| 100 |
_915967 _aRizvi, Saiyid Athar Abbas, 1921- |
||
| 245 |
_a Iran: royalty, religion and revolution _c Athar Abbas, Rizvi, Saiyid |
||
| 250 | _a- | ||
| 260 | _cc 1980 | ||
| 650 |
_915971 _aIran _xHistry Islam |
||
| 942 |
_2ddc _cBK |
||
| 999 |
_c71230 _d71230 |
||